Statistics for NFL 2020-2021 Starting Five

Click here to take the quiz!

General Stats

  • This quiz has been taken 1,571 times
  • The average score is 97 of 160

Answer Stats

HintAnswer% Correct
Cardinals QBKyler Murray
98%
Cardinals WRDeAndre Hopkins
93%
Packers RBAaron Jones
92%
Giants QBDaniel Jones
92%
Falcons WRJulio Jones
92%
Lions WR2Marvin Jones
92%
Buccaneers RBRonald Jones
92%
Falcons QBMatt Ryan
91%
Bills QBJosh Allen
90%
Chargers WRKeenan Allen
89%
Ravens QBLamar Jackson
89%
Titans WRAJ Brown
88%
Buccaneers WR3Antonio Brown
88%
Ravens WRMarquise Brown
88%
Bills WRStefon Diggs
86%
Cowboys QBDak Prescott
83%
Lions QBMatt Stafford
83%
Chiefs QBPatrick Mahomes
83%
Browns QBBaker Mayfield
82%
Vikings RBDalvin Cook
82%
Saints TEJared Cook
82%
Bengals QBJoe Burrow
82%
Chiefs WRTyreek Hill
82%
Packers QBAaron Rodgers
81%
Packers WRDavante Adams
81%
Raiders QBDerek Carr
81%
Broncos QBDrew Lock
81%
Cowboys RBEzekiel Elliott
81%
Browns RBNick Chubb
81%
Cowboys WRAmari Cooper
80%
Chiefs TETravis Kelce
80%
Texans QBDeshaun Watson
79%
Rams QBJared Goff
78%
Bengals WRAJ Green
77%
Patriots QBCam Newton
77%
Browns WROdell Beckham
77%
Bears WRAllen Robinson
76%
Texans RBDavid Johnson
76%
Packers RB2Jamaal Williams
76%
Browns RB2Kareem Hunt
76%
Ravens TEMark Andrews
76%
Chargers WR2Mike Williams
76%
Falcons WR2Calvin Ridley
75%
Cowboys WR2CeeDee Lamb
75%
Jaguars RBJames Robinson
75%
Browns WR2Jarvis Landry
75%
Chargers QBJustin Herbert
75%
Panthers RBChristian McCaffrey
74%
Bengals RBJoe Mixon
74%
Raiders RBJosh Jacobs
74%
Colts QBPhillip Rivers
73%
Titans RBDerrick Henry
72%
Bills RBDevin Singletary
72%
Chargers TEHunter Henry
72%
Ravens RBMark Ingram
72%
Falcons RBTodd Gurley
72%
Rams WRCooper Kupp
71%
Panthers WRDJ Moore
71%
Steelers RBJames Conner
71%
Vikings QBKirk Cousins
71%
Colts RBJonathan Taylor
70%
Steelers WRJuju Smith-Schuster
70%
Washington TELogan Thomas
70%
Saints WRMichael Thomas
70%
Jets QBSam Darnold
70%
Washington QBAlex Smith
69%
Eagles QBCarson Wentz
69%
Saints QBDrew Brees
69%
Seahawks QBRussell Wilson
69%
Titans TEJonnu Smith
68%
Vikings WR2Justin Jefferson
68%
Panthers RB2Mike Davis
68%
Dolphins QBTua Tagovailoa
68%
Titans WR2Corey Davis
67%
Raiders TEDarren Waller
67%
Broncos RBMelvin Gordon
67%
Panthers QBTeddy Bridgewater
67%
Buccaneers QBTom Brady
67%
Vikings WRAdam Thielen
65%
Saints RBAlvin Kamara
65%
Cardinals WR3Christian Kirk
65%
Ravens RB2JK Dobbins
65%
Colts WRTY Hilton
65%
Lions RBD'Andre Swift
64%
Giants RBSaquon Barkley
64%
Bengals WR3Tee Higgins
64%
Bengals WR2Tyler Boyd
64%
Bears RBDavid Montgomery
63%
Broncos WRJerry Jeudy
63%
Cowboys WR3Michael Gallup
63%
Bears QBNick Foles
63%
Jaguars QBGardner Minshew
62%
Panthers WR2Robby Anderson
62%
Bills WR2Cole Beasley
61%
Cardinals WR2Larry Fitzgerald
61%
Steelers QBBen Roethlisberger
60%
Texans WRBrandin Cooks
59%
Lions WRKenny Golladay
59%
Buccaneers WRMike Evans
59%
Titans QBRyan Tannehill
59%
Seahawks WRDK Metcalf
58%
Saints WR2Emmanuel Sanders
58%
Eagles RBMiles Sanders
58%
49ers QBJimmy Garoppolo
57%
Cardinals RBKenyan Drake
57%
Rams WR2Robert Woods
57%
Colts WR2Michael Pittman
56%
Buccaneers WR2Chris Godwin
55%
49ers WRDeebo Samuel
55%
Seahawks WR2Tyler Lockett
54%
Packers WR2Allen Lazard
53%
Dolphins WRDavante Parker
53%
Bears TEJimmy Graham
53%
Chiefs WR2Sammy Watkins
53%
Falcons TEHayden Hurst
51%
Broncos RB2Phillip Lindsay
51%
Texans WR2WIil Fuller
50%
Bills RB2Zack Moss
50%
Seahawks RBChris Carson
49%
Eagles TEZach Ertz
49%
Raiders WRHenry Ruggs
48%
Giants TEEvan Engram
47%
Jaguars WRDJ Chark
46%
Steelers WR2Chase Claypool
45%
Patriots RBDamien Harris
45%
Chiefs RBLe'Veon Bell
45%
Dolphins TEMike Gesicki
44%
49ers RBRaheem Mostert
44%
Washington WRTerry McLaurin
44%
Vikings RB2Alexander Mattison
40%
Patriots WRJulian Edelman
40%
Washington RBAntonio Gibson
38%
Rams RBDarrell Henderson
38%
Giants WRSterling Shepard
38%
Lions RB2Adrian Peterson
37%
49ers WR2Brandon Aiyuk
37%
Colts TEJack Doyle
37%
Steelers TEEric Ebron
33%
Giants WRDarius Slayton
32%
Raiders WR2Nelson Agholor
32%
Bears WR2Anthony Miller
30%
Jets RBFrank Gore
30%
Jets WRJamison Crowder
29%
Patriots WR2Jakobi Meyers
28%
Jaguars WR2Laviska Shenault
28%
Eagles WRJalen Reagor
27%
Broncos WR2KJ Hamler
23%
Patriots RBRex Burkhead
23%
Seahawks TEGreg Olsen
22%
Washington RB2JD McKissic
22%
Jaguars TETyler Eifert
19%
Rams WR3Josh Reynolds
18%
Texans WR3Kenny Stills
17%
Jets WRBreshaud Perriman
14%
Dolphins RBMatt Breida
14%
Jets TEChris Herndon
13%
49ers WR3Richie James
13%
Dolphins WR2Jakeem Grant
12%
Eagles WRTravis Fulgham
12%
Chargers RBKalen Ballage
7%

Score Distribution

Percentile by Number Answered

Percent of People with Each Score

Your Score History

You have not taken this quiz